ბათუმის შოთა რუსთაველის სახელმწიფო უნივერსიტეტის ბიბლიოთეკა

საზოგადოებრივი აზრი და სოციალური განვითარების კონკრეტული შესწავლა / (ბიბ.ჩანაწერი № 38006)

000 -ლიდერი
ფიქსირებული სიგრძის საკონტროლო ველი 01389nam a2200241Ia 4500
001 - საკონტროლო ნომერი
საკონტროლო ველი 3990
003 - საკონტროლო ნომრის იდენტიფიკატორი
საკონტროლო ველი GE_BSU
005 - ბოლო ოპერაციის თარიღი და დრო
საკონტროლო ველი 20190906172558.0
008 - ფიქსირებული სიგრძის მონაცემთა ელემენტები - ზოგადი ინფორმაცია
ფიქსირებული სიგრძის საკონტროლო ველი 181216s1978||||ge |||||||||||||| ||geo||
040 ## - კატალოგიზაციის წყარო
Transcribing agency GE_BSU
041 ## - ენის კოდი
Language code of text/sound track or separate title geo
080 ## - უნივერსალური ათობითი კლასიფიკაციის ინდექსი
Universal Decimal Classification number 316.653+316.42 ს–17
245 ## - ცნობა სათაურის შესახებ
Title საზოგადოებრივი აზრი და სოციალური განვითარების კონკრეტული შესწავლა /
Statement of responsibility, etc რედ. მ. გეგეშიძე ; ივ. ჯავახიშვილის სახ. ისტორიის, არქეოლოგიისა და ეთნოგრაფიის ინ–ტი
264 ## - წარმოების, გამოცემის, დისტრიბუციის და სხვა ცნობები
გამოცემის, წარმოების, დისტრიბუციის... ადგილი თბ. :
გამოცემის, წარმოების, დისტრიბუციის... სახელწოდება მეცნიერება,
გამოცემის, წარმოების, დისტრიბუციის... თარიღი 1978.
300 ## - ფიზიკური აღწერა
Extent 186 გვ.;
Other physical details 20 სმ.
653 ## - INDEX TERM--UNCONTROLLED
Uncontrolled term საზოგადოებრივი აზრი
653 ## - INDEX TERM--UNCONTROLLED
Uncontrolled term სოციალური განვითარება
700 ## - ADDED ENTRY--PERSONAL NAME
Personal name ბექაია, მ.
Relator term ავტორი
9 (RLIN) 3924
700 ## - ADDED ENTRY--PERSONAL NAME
Personal name გეგეშიძე, მ.
Relator term ავტორი
9 (RLIN) 3925
700 ## - ADDED ENTRY--PERSONAL NAME
Personal name კაცაძე, ა. და სხვ.
Relator term ავტორი
9 (RLIN) 3926
710 ## - ADDED ENTRY--CORPORATE NAME
Corporate name or jurisdiction name as entry element ივ. ჯავახიშვილის სახ. ისტორიის, არქეოლოგიისა და ეთნოგრაფიის ინ-ტი
9 (RLIN) 1177
942 ## - ADDED ENTRY ELEMENTS (KOHA)
Koha item type წიგნი
Source of classification or shelving scheme
ეგზემპლარები
ჩამოწერის სტატუსი დაკარგული ეგზემპლარის სტატუსი კლასიფიკაციის წყარო ან თაროზე გაწყობის სქემა დაზიანების სტატუსი არ გაიცემა მუდმივი მდებარეობა (დაცვის ადგილი) ამჟამინდელი ადგილსამყოფელი თაროზე განთავსების ადგილი შეძენის თარიღი ღირებულება, შესყიდვის ნორმალური ფასი სრული შენახვის შიფრი შტრიხკოდი ბოლო ოპერაციის თარიღი ეგზემპლარის მიმდევრობითი ნომერი (კეტერი?) ფასის ძალაში შესვლის თარიღი ეგზემპლარის სახეობა საჯარო შენიშვნა
          ბათუმის შოთა რუსთაველის სახელმწიფო უნივერსიტეტის მთავარი ბიბლიოთეკა ბათუმის შოთა რუსთაველის სახელმწიფო უნივერსიტეტის მთავარი ბიბლიოთეკა წიგნსაცავი 2018-12-17 2.00 316.653+316.42 ს–17 5600 2018-12-17 5600 2018-12-17 წიგნი 2 ლ.